00583nam a2200241Ia 4500008004100000020001800041050001400059100001500073245003200088245001800120250002600138260001500164260002800179260000900207300001500216300002600231300001000257500001000267650001500277650001900292650001900311700001100330181129s9999 xx 000 0 und d a9780545342377 bT161 2008 aTan, Shaun 0aTales from outer suburbia / 0cby Shaun Tan. a1st American edition. aNew York : bArthur A. Levine Books, c2008 a92 pages : bcolor illustrations ; c24cm. a1100L aAustralia. aShort stories. aSuburban life. aTitle.